000
00249nmm a2200085Ia 4500
008
220120s9999||||xx |||||||||||||||||und||
100
_a
LFY-AUG-2007
_9
10832
245
0
_a
Working in a virtual world XEN, 3.1 QEMU, UML, NEWBIES, Xour
260
_b
Bangalore
999
_c
138726
_d
138726